Chargement en cours...
Parasitic copepoda and branchiura of fishes
| Auteur principal: | |
|---|---|
| Format: | Printed Book |
| Langue: | English |
| Publié: |
london
interscience publs
1963
|
| LEADER | 00419nam a22001217a 4500 | ||
|---|---|---|---|
| 008 | 180607b xxu||||| |||| 00| 0 eng d | ||
| 100 | |a Yamaguti, satyu | ||
| 245 | |a Parasitic copepoda and branchiura of fishes | ||
| 260 | |a london |b interscience publs |c 1963 | ||
| 300 | |a x,1104p. | ||
| 942 | |2 ddc |c BK | ||
| 999 | |c 22193 |d 22193 | ||
| 952 | |0 0 |1 0 |2 ddc |4 2 |7 0 |9 22371 |a COVAS |b COVAS |d 2018-06-07 |p 2162 |r 2018-06-07 |w 2018-06-07 |y BK |z Dept.of parasitology | ||